Dreadstar #4 /

Dreadstar and his gang deliver teleportation devices to the Monarchy to maintain a balance of power. They prevent an assassination attempt on King Gregzor in the process.

Bibliographic Details
Corporate Author: Library Pass, LLC
Other Authors: Starlin, Jim (writer.)
Format: eBook
Language:English
Published: [United States] : Dynamite, 2015.
Subjects:
Online Access:Connect to this electronic book (First time users create your free account)

MARC

Tag First Indicator Second Indicator Subfields
LEADER 00000nmm a22000001a 4500
001 in00004623613
006 m|||||o||m||||||||
007 cr|cn |||uuuuu
008 221118s2015 xxu||||eo|||| ||||||eng d
005 20221207220926.9
035 |a (TxWaIVM)IV55653DyDr 
040 |a TxWaIVM  |c TxWaIVM 
245 0 0 |a Dreadstar #4 /  |c powered by Library Pass. 
260 3 |a [United States] :  |b Dynamite,  |c 2015. 
300 |a 1 online resource. 
336 |a text  |b txt  |2 rdacontent 
337 |a computer  |b c  |2 rdamedia 
338 |a online resource  |b cr  |2 rdacarrier 
520 |a Dreadstar and his gang deliver teleportation devices to the Monarchy to maintain a balance of power. They prevent an assassination attempt on King Gregzor in the process.  
521 |a 4 
538 |a Requires a valid library card and registration for new users. 
538 |a Mode of access: World Wide Web. 
538 |a System requirements: Flash 10.1 or higher, Windows XP and higher, Internet Explorer 7 and higher, Firefox 3.6 and higher, Google Chrome; Max OS 10.5 and higher, Safari 4 and higher. 
650 0 |a Comic books, strips, etc. 
655 7 |a Electronic books.  |2 local 
655 7 |a Comic books, strips, etc.  |2 gsafd 
650 0 |a Science fiction comic books, strips, etc. 
655 7 |a Science fiction comic books, strips, etc.  |2 gsafd 
650 0 |a Comic books, strips, etc. --Superheroes 
655 7 |a Comic books, strips, etc. --Superheroes  |2 gsafd 
700 1 |a Starlin, Jim.  |e writer. 
700 1 |a Starlin, Jim.  |e artist. 
710 2 |a Library Pass, LLC. 
856 4 0 |u http://proxy.library.tamu.edu/login?url=https://tamu.librarypass.com/product/com.iversecomics.dynamite.dreadstar.four.english.01052015  |z Connect to this electronic book (First time users create your free account)  |t 0 
955 |a Comics Plus. 
999 f f |s f181a266-7a92-40a4-b8c8-f09b7b47dd4a  |i 2f8491b5-80fd-4580-a872-09a09c8dfb37  |t 0 
952 f f |a Texas A&M University  |b College Station  |c Electronic Resources  |d Available Online  |t 0  |h Library of Congress classification 
998 f f |t 0  |l Available Online